[Event "29th Paul Keres Memorial 2020"]
[Site "Tallinn"]
[Date "2020.01.11"]
[Round "7.1"]
[White "Kuzubov, Yuriy"]
[Black "Turov, Maxim"]
[Result "1-0"]
[WhiteElo "2644"]
[BlackElo "2567"]
[Annotator "ChessBase"]
[PlyCount "137"]
[EventDate "2020.01.11"]
[EventType "swiss"]
[EventCountry "EST"]
[SourceTitle "playchess.com"]
[Source "ChessBase"]
[SourceQuality "1"]
[TimeControl "900+5"]

1. Nf3 {[%emt 0:00:00]} Nf6 {[%emt 0:00:00]} 2. c4 {[%emt 0:00:00]} e6 {[%emt 0:00:00]} 3. g3 {[%emt 0:00:01]} a6 {[%emt 0:00:00]} 4. Bg2 {[%emt 0:00:17]} b5 {[%emt 0:00:00]} 5. b3 {[%emt 0:00:03]} Bb7 {[%emt 0:00:00]} 6. O-O {[%emt 0:00:12]} c5 {[%emt 0:00:10]} 7. e3 {[%emt 0:00:09]} Be7 {[%emt 0:00:25]} 8. Nc3 {[%emt 0:00:09]} Qa5 {[%emt 0:00:18]} 9. Qe2 {[%emt 0:00:43]} b4 {[%emt 0:00:06]} 10. Na4 {[%emt 0:00:08]} O-O {[%emt 0:00:03]} 11. a3 {[%emt 0:01:03]} bxa3 {[%emt 0:00:32]} 12. Bxa3 {[%emt 0:00:29]} d6 {[%emt 0:00:03]} 13. d4 {[%emt 0:00:39]} Nbd7 {[%emt 0:00:35]} 14. Rfd1 {[%emt 0:00:42]} Bc6 {[%emt 0:00:49]} 15. d5 {[%emt 0:02:37]} Bxa4 {[%emt 0:01:52]} 16. Bb2 {[%emt 0:02:32]} e5 {[%emt 0:01:22]} 17. Rxa4 {[%emt 0:00:08]} Qb6 {[%emt 0:00:06]} 18. Ra3 {[%emt 0:00:29]} a5 {[%emt 0:02:27]} 19. Qc2 {[%emt 0:01:47]} Ra6 {[%emt 0:01:09]} 20. Bc3 {[%emt 0:00:06]} Rfa8 {[%emt 0:00:15]} 21. Rda1 {[%emt 0:00:39]} Bd8 {[%emt 0:00:12]} 22. Nd2 {[%emt 0:00:14]} Bc7 {[%emt 0:00:12]} 23. h3 {[%emt 0:00:11]} Qb8 {[%emt 0:00:24]} 24. Bf3 {[%emt 0:00:19]} Nf8 {[%emt 0:00:13]} 25. Kg2 {[%emt 0:00:04]} Ng6 {[%emt 0:00:11]} 26. Be2 {[%emt 0:00:04]} Nf8 {[%emt 0:00:09]} 27. Bd3 {[%emt 0:00:12]} R6a7 {[%emt 0:00:12]} 28. Nb1 {[%emt 0:00:37]} Qe8 {[%emt 0:01:26]} 29. Nd2 {[%emt 0:00:07]} Bb6 {[%emt 0:00:18]} 30. Qd1 {[%emt 0:00:11]} h6 {[%emt 0:00:49]} 31. Bc2 {[%emt 0:00:04]} N8d7 {[%emt 0:00:11]} 32. R3a2 {[%emt 0:00:11]} Bc7 {[%emt 0:00:08]} 33. Nb1 {[%emt 0:00:17]} Nb6 {[%emt 0:00:44]} 34. Rxa5 {[%emt 0:00:42]} Rxa5 {[%emt 0:00:20]} 35. Rxa5 {[%emt 0:00:02]} Rxa5 {[%emt 0:00:06]} 36. Bxa5 {[%emt 0:00:01]} Nbxd5 {[%emt 0:01:00]} 37. Bxc7 {[%emt 0:00:04]} Nxc7 {[%emt 0:00:01]} 38. Qxd6 {[%emt 0:00:02]} Qa8+ {[%emt 0:00:01]} 39. Kg1 {[%emt 0:00:49]} Qa2 {[%emt 0:00:02]} 40. Qd2 {[%emt 0:00:24]} g6 {[%emt 0:00:39]} 41. Nc3 {[%emt 0:00:05]} Qa5 {[%emt 0:00:09]} 42. Qd8+ {[%emt 0:00:39]} Kg7 {[%emt 0:00:03]} 43. Nb5 {[%emt 0:00:12]} Qe1+ {[%emt 0:00:38]} 44. Kg2 {[%emt 0:00:01]} Nxb5 {[%emt 0:00:12]} 45. cxb5 {[%emt 0:00:02]} Qe2 {[%emt 0:00:03]} 46. Qd3 {[%emt 0:00:12]} Qxd3 {[%emt 0:00:02]} 47. Bxd3 {[%emt 0:00:01]} Nd5 {[%emt 0:00:01]} 48. f4 {[%emt 0:00:09]} exf4 {[%emt 0:00:16]} 49. exf4 {[%emt 0:00:04]} f5 {[%emt 0:00:03]} 50. Kf3 {[%emt 0:00:06]} Kf6 {[%emt 0:00:02]} 51. Bc4 {[%emt 0:00:04]} Nb6 {[%emt 0:00:00]} 52. Ke3 {[%emt 0:00:02]} Nc8 {[%emt 0:00:04]} 53. Kd3 {[%emt 0:00:04]} g5 {[%emt 0:00:02]} 54. Kc3 {[%emt 0:00:08]} Ke7 {[%emt 0:00:01]} 55. Bd3 {[%emt 0:00:05]} Nd6 {[%emt 0:00:03]} 56. fxg5 {[%emt 0:00:04]} hxg5 {[%emt 0:00:01]} 57. h4 {[%emt 0:00:05]} f4 {[%emt 0:00:01]} 58. gxf4 {[%emt 0:00:07]} gxh4 {[%emt 0:00:00]} 59. Bf1 {[%emt 0:00:04]} Kf6 {[%emt 0:00:05]} 60. Bh3 {[%emt 0:00:06]} Nxb5+ {[%emt 0:00:06]} 61. Kc4 {[%emt 0:00:01]} Nd4 {[%emt 0:00:02]} 62. b4 {[%emt 0:00:06]} Ne6 {[%emt 0:00:22]} 63. b5 {[%emt 0:00:07]} Nxf4 {[%emt 0:00:15]} 64. b6 {[%emt 0:00:04]} Nxh3 {[%emt 0:00:12]} 65. b7 {[%emt 0:00:02]} Kf5 {[%emt 0:00:05]} 66. b8=Q {[%emt 0:00:03]} Nf4 {[%emt 0:00:03]} 67. Qc8+ {[%emt 0:00:12]} Ke4 {[%emt 0:00:04]} 68. Qg4 {[%emt 0:00:08]} h3 {[%emt 0:00:02]} 69. Qg3 {[%emt 0:00:02]} 1-0

[Event "29th Paul Keres Memorial 2020"]
[Site "Tallinn"]
[Date "2020.01.11"]
[Round "7.2"]
[White "Meshkovs, Nikita"]
[Black "Tiviakov, Sergei"]
[Result "1-0"]
[WhiteElo "2565"]
[BlackElo "2608"]
[Annotator "ChessBase"]
[PlyCount "69"]
[EventDate "2020.01.11"]
[EventType "swiss"]
[EventCountry "EST"]
[SourceTitle "playchess.com"]
[Source "ChessBase"]
[SourceQuality "1"]
[TimeControl "900+5"]

1. Nf3 {[%emt 0:00:00]} Nf6 {[%emt 0:00:00]} 2. c4 {[%emt 0:00:04]} b6 {[%emt 0:00:00]} 3. g3 {[%emt 0:00:02]} Bb7 {[%emt 0:00:00]} 4. Bg2 {[%emt 0:00:02]} g6 {[%emt 0:00:01]} 5. b3 {[%emt 0:00:03]} Bg7 {[%emt 0:00:02]} 6. Bb2 {[%emt 0:00:01]} O-O {[%emt 0:00:03]} 7. O-O {[%emt 0:00:02]} c5 {[%emt 0:00:20]} 8. Nc3 {[%emt 0:00:25]} d5 {[%emt 0:00:03]} 9. Nxd5 {[%emt 0:00:10]} Nxd5 {[%emt 0:00:12]} 10. Bxg7 {[%emt 0:00:03]} Kxg7 {[%emt 0:00:01]} 11. cxd5 {[%emt 0:00:01]} Bxd5 {[%emt 0:01:02]} 12. d4 {[%emt 0:00:05]} Nd7 {[%emt 0:00:07]} 13. dxc5 {[%emt 0:00:33]} Nxc5 {[%emt 0:00:20]} 14. Qd4+ {[%emt 0:00:02]} f6 {[%emt 0:00:16]} 15. Rfd1 {[%emt 0:00:45]} Bxf3 {[%emt 0:04:06]} 16. Qf4 {[%emt 0:00:11]} Qe8 {[%emt 0:00:47]} 17. Qxf3 {[%emt 0:00:46]} Rd8 {[%emt 0:02:34]} 18. b4 {[%emt 0:00:34]} Rxd1+ {[%emt 0:00:06]} 19. Rxd1 {[%emt 0:00:01]} Qa4 {[%emt 0:00:03]} 20. Rd4 {[%emt 0:02:06]} e5 {[%emt 0:00:02]} 21. Rh4 {[%emt 0:01:09]} Qd1+ {[%emt 0:00:08]} 22. Bf1 {[%emt 0:00:01]} Nd7 {[%emt 0:00:42]} 23. Qb7 {[%emt 0:00:10]} a5 {[%emt 0:00:11]} 24. bxa5 {[%emt 0:00:32]} bxa5 {[%emt 0:00:01]} 25. Rc4 {[%emt 0:00:01]} Rb8 {[%emt 0:00:10]} 26. Qg2 {[%emt 0:00:38]} Rb1 {[%emt 0:00:27]} 27. Rc7 {[%emt 0:00:09]} e4 {[%emt 0:00:25]} 28. g4 {[%emt 0:00:57]} Kf7 {[%emt 0:00:25]} 29. Qh3 {[%emt 0:00:32]} h6 {[%emt 0:00:02]} 30. g5 {[%emt 0:00:23]} f5 {[%emt 0:01:29]} 31. gxh6 {[%emt 0:00:53]} Qxe2 {[%emt 0:00:02]} 32. Qb3+ {[%emt 0:00:56]} Rxb3 {[%emt 0:00:06]} 33. Rxd7+ {[%emt 0:00:03]} Ke6 {[%emt 0:00:57]} 34. Bxe2 {[%emt 0:00:02]} Rb1+ {[%emt 0:00:02]} 35. Rd1 {[%emt 0:00:03]} 1-0

[Event "29th Paul Keres Memorial 2020"]
[Site "Tallinn"]
[Date "2020.01.11"]
[Round "7.3"]
[White "Alekseev, Evgeny"]
[Black "Kovalenko, Igor"]
[Result "0-1"]
[WhiteElo "2623"]
[BlackElo "2640"]
[Annotator "ChessBase"]
[PlyCount "104"]
[EventDate "2020.01.11"]
[EventType "swiss"]
[EventCountry "EST"]
[SourceTitle "playchess.com"]
[Source "ChessBase"]
[SourceQuality "1"]
[TimeControl "900+5"]

1. e4 {[%emt 0:00:00]} c5 {[%emt 0:00:00]} 2. Nf3 {[%emt 0:00:00]} Nc6 {[%emt 0:00:00]} 3. d4 {[%emt 0:00:02]} cxd4 {[%emt 0:00:00]} 4. Nxd4 {[%emt 0:00:02]} g6 {[%emt 0:00:00]} 5. c4 {[%emt 0:00:08]} Bg7 {[%emt 0:00:00]} 6. Be3 {[%emt 0:00:04]} Qb6 {[%emt 0:01:05]} 7. Nb5 {[%emt 0:00:49]} Qa5+ {[%emt 0:00:03]} 8. N1c3 {[%emt 0:01:43]} Nf6 {[%emt 0:00:07]} 9. f3 {[%emt 0:01:38]} O-O {[%emt 0:00:58]} 10. Be2 {[%emt 0:02:30]} a6 {[%emt 0:01:57]} 11. Nd4 {[%emt 0:00:02]} Nh5 {[%emt 0:00:05]} 12. Qd2 {[%emt 0:00:47]} Nxd4 {[%emt 0:03:06]} 13. Bxd4 {[%emt 0:00:01]} Bxd4 {[%emt 0:00:01]} 14. Qxd4 {[%emt 0:00:02]} d6 {[%emt 0:00:01]} 15. g3 {[%emt 0:02:05]} Be6 {[%emt 0:00:10]} 16. Kf2 {[%emt 0:00:37]} Rac8 {[%emt 0:00:18]} 17. Rhc1 {[%emt 0:01:35]} f5 {[%emt 0:00:27]} 18. Nd5 {[%emt 0:00:25]} Bxd5 {[%emt 0:00:14]} 19. Qxd5+ {[%emt 0:00:12]} Qxd5 {[%emt 0:00:02]} 20. exd5 {[%emt 0:00:06]} a5 {[%emt 0:00:29]} 21. Rc3 {[%emt 0:00:12]} Rc5 {[%emt 0:00:21]} 22. Re1 {[%emt 0:00:41]} Kf7 {[%emt 0:00:49]} 23. Re3 {[%emt 0:00:47]} Nf6 {[%emt 0:00:09]} 24. Bd1 {[%emt 0:01:03]} Rc7 {[%emt 0:00:01]} 25. Ba4 {[%emt 0:00:24]} h5 {[%emt 0:00:39]} 26. h4 {[%emt 0:00:26]} Rg8 {[%emt 0:00:01]} 27. Bb5 {[%emt 0:00:08]} Ra8 {[%emt 0:00:31]} 28. R1e2 {[%emt 0:00:24]} Ng8 {[%emt 0:00:28]} 29. Ra3 {[%emt 0:00:08]} Nh6 {[%emt 0:00:08]} 30. Ke3 {[%emt 0:00:06]} Ng8 {[%emt 0:00:32]} 31. Kf4 {[%emt 0:00:02]} Nf6 {[%emt 0:00:00]} 32. Rae3 {[%emt 0:00:15]} Rac8 {[%emt 0:00:12]} 33. Rc3 {[%emt 0:00:12]} Rc5 {[%emt 0:00:14]} 34. Rd2 {[%emt 0:00:04]} R8c7 {[%emt 0:00:21]} 35. Ke3 {[%emt 0:00:03]} Rc8 {[%emt 0:00:14]} 36. Ra3 {[%emt 0:00:03]} b6 {[%emt 0:00:08]} 37. Rb3 {[%emt 0:00:04]} Rg8 {[%emt 0:00:14]} 38. Kf4 {[%emt 0:00:05]} Rgc8 {[%emt 0:00:09]} 39. Rd4 {[%emt 0:00:04]} R5c7 {[%emt 0:00:34]} 40. Re3 {[%emt 0:00:09]} Nh7 {[%emt 0:00:09]} 41. Rb3 {[%emt 0:00:07]} Nf8 {[%emt 0:00:05]} 42. Ke3 {[%emt 0:00:03]} Kf6 {[%emt 0:00:06]} 43. Rd2 {[%emt 0:00:06]} Rb8 {[%emt 0:00:09]} 44. Rdd3 {[%emt 0:00:04]} g5 {[%emt 0:00:45]} 45. hxg5+ {[%emt 0:00:01]} Kxg5 {[%emt 0:00:01]} 46. Rd4 {[%emt 0:00:07]} Ng6 {[%emt 0:00:17]} 47. Kf2 {[%emt 0:00:06]} Rh8 {[%emt 0:00:17]} 48. Bc6 {[%emt 0:00:06]} e5 {[%emt 0:00:04]} 49. Rdd3 {[%emt 0:00:09]} h4 {[%emt 0:00:09]} 50. Rxb6 {[%emt 0:00:06]} hxg3+ {[%emt 0:00:03]} 51. Kxg3 {[%emt 0:00:00]} Nf4 {[%emt 0:00:01]} 52. Rd1 {[%emt 0:00:01]} Rch7 {[%emt 0:00:07]} 0-1

[Event "29th Paul Keres Memorial 2020"]
[Site "Tallinn"]
[Date "2020.01.11"]
[Round "7.4"]
[White "Petursson, Margeir"]
[Black "Moiseenko, Alexander"]
[Result "0-1"]
[WhiteElo "2466"]
[BlackElo "2620"]
[Annotator "ChessBase"]
[PlyCount "112"]
[EventDate "2020.01.11"]
[EventType "swiss"]
[EventCountry "EST"]
[SourceTitle "playchess.com"]
[Source "ChessBase"]
[SourceQuality "1"]
[TimeControl "900+5"]

1. c4 {[%emt 0:00:00]} e5 {[%emt 0:00:00]} 2. g3 {[%emt 0:00:00]} c6 {[%emt 0:00:00]} 3. d4 {[%emt 0:00:09]} Bb4+ {[%emt 0:01:11]} 4. Bd2 {[%emt 0:00:16]} Bxd2+ {[%emt 0:00:04]} 5. Qxd2 {[%emt 0:00:03]} d6 {[%emt 0:00:01]} 6. Nc3 {[%emt 0:00:18]} Nf6 {[%emt 0:00:11]} 7. Bg2 {[%emt 0:00:49]} O-O {[%emt 0:00:14]} 8. dxe5 {[%emt 0:01:42]} dxe5 {[%emt 0:00:02]} 9. Qxd8 {[%emt 0:00:02]} Rxd8 {[%emt 0:00:01]} 10. Nf3 {[%emt 0:00:05]} Re8 {[%emt 0:02:31]} 11. Nd2 {[%emt 0:00:43]} Na6 {[%emt 0:01:44]} 12. h3 {[%emt 0:01:08]} Bf5 {[%emt 0:01:58]} 13. g4 {[%emt 0:00:33]} Bg6 {[%emt 0:00:01]} 14. O-O-O {[%emt 0:01:08]} Nc5 {[%emt 0:01:26]} 15. g5 {[%emt 0:00:52]} Nfd7 {[%emt 0:00:40]} 16. Nde4 {[%emt 0:00:53]} a5 {[%emt 0:00:12]} 17. h4 {[%emt 0:00:46]} Red8 {[%emt 0:01:34]} 18. Nd6 {[%emt 0:02:02]} Bh5 {[%emt 0:01:37]} 19. Rd2 {[%emt 0:00:28]} Nf8 {[%emt 0:00:01]} 20. Nce4 {[%emt 0:00:43]} Nfe6 {[%emt 0:00:20]} 21. Nxc5 {[%emt 0:00:32]} Nxc5 {[%emt 0:00:03]} 22. Rhd1 {[%emt 0:00:28]} Kf8 {[%emt 0:01:14]} 23. Ne4 {[%emt 0:00:52]} Ne6 {[%emt 0:00:35]} 24. Ng3 {[%emt 0:00:42]} Rxd2 {[%emt 0:00:49]} 25. Rxd2 {[%emt 0:00:03]} Bg4 {[%emt 0:00:16]} 26. f3 {[%emt 0:01:08]} Nf4 {[%emt 0:00:01]} 27. Bf1 {[%emt 0:00:09]} Be6 {[%emt 0:00:13]} 28. e3 {[%emt 0:00:07]} Ng6 {[%emt 0:00:01]} 29. h5 {[%emt 0:00:09]} Nh4 {[%emt 0:00:02]} 30. f4 {[%emt 0:00:16]} Re8 {[%emt 0:00:20]} 31. b3 {[%emt 0:00:13]} Nf5 {[%emt 0:00:07]} 32. Nxf5 Bxf5 33. Rf2 {[%emt 0:00:14]} exf4 {[%emt 0:00:03]} 34. Rxf4 {[%emt 0:00:04]} g6 {[%emt 0:00:02]} 35. Kd2 {[%emt 0:00:04]} Re5 {[%emt 0:00:05]} 36. Rd4 {[%emt 0:00:10]} Ke7 {[%emt 0:00:01]} 37. Be2 {[%emt 0:00:07]} Be6 {[%emt 0:00:05]} 38. hxg6 {[%emt 0:00:06]} hxg6 {[%emt 0:00:03]} 39. Bg4 {[%emt 0:00:02]} Rxg5 {[%emt 0:00:02]} 40. Bxe6 {[%emt 0:00:01]} Kxe6 {[%emt 0:00:04]} 41. Kd3 {[%emt 0:00:07]} Rg1 {[%emt 0:00:12]} 42. Rh4 {[%emt 0:00:02]} Rd1+ {[%emt 0:00:08]} 43. Ke4 {[%emt 0:00:05]} Rd2 {[%emt 0:00:06]} 44. Rh8 {[%emt 0:00:06]} Rxa2 {[%emt 0:00:10]} 45. Rb8 {[%emt 0:00:02]} Rb2 {[%emt 0:00:05]} 46. Rxb7 {[%emt 0:00:04]} a4 {[%emt 0:00:01]} 47. b4 {[%emt 0:00:01]} a3 {[%emt 0:00:06]} 48. b5 {[%emt 0:00:05]} cxb5 {[%emt 0:00:11]} 49. cxb5 {[%emt 0:00:02]} a2 {[%emt 0:00:01]} 50. Ra7 {[%emt 0:00:01]} Kd6 {[%emt 0:00:01]} 51. b6 {[%emt 0:00:07]} Kc6 {[%emt 0:00:06]} 52. b7 {[%emt 0:00:03]} Kc7 {[%emt 0:00:01]} 53. Ke5 {[%emt 0:00:03]} Kb8 {[%emt 0:00:04]} 54. Ra3 {[%emt 0:00:02]} Kxb7 {[%emt 0:00:02]} 55. Kf6 {[%emt 0:00:01]} Rf2+ {[%emt 0:00:02]} 56. Ke7 {[%emt 0:00:07]} Kc6 {[%emt 0:00:06]} 0-1

[Event "29th Paul Keres Memorial 2020"]
[Site "Tallinn"]
[Date "2020.01.11"]
[Round "7.5"]
[White "Fridman, Daniel"]
[Black "Haitin, Ilja"]
[Result "1-0"]
[WhiteElo "2622"]
[BlackElo "2349"]
[Annotator "TA"]
[PlyCount "41"]
[EventDate "2020.01.11"]
[EventType "swiss"]
[EventCountry "EST"]
[SourceTitle "playchess.com"]
[Source "ChessBase"]
[SourceQuality "1"]

{[%evp 13,41,0,24,0,33,11,0,0,16,25,33,35,112,108,104,103,440,425,463,474,470,470,604,598,618,607,747,703,675,667]} 1. d4 d5 2. Nf3 Nf6 3. c4 dxc4 4. Qa4+ c6 5. Qxc4 Bf5 6. g3 e6 7. Bg2 Be7 8. O-O {D23: Queen's Gambit Accepted: 3 Nf3 Nf6 sidelines} h6 (8... O-O 9. Nc3 Nbd7 10. Re1 Rc8 11. e4 Bg4 12. Qb3 b5 13. h3 Bxf3 14. Bxf3 e5 15. dxe5 Nxe5 16. Bg2 Bc5 17. Rd1 Qe7 {½-½ (42) Mamedyarov,S (2820)-Borisek,J (2578) Batumi 2018}) 9. Nbd2 {[%cal Bb1d2,Bd2c4,Bc4a5][%mdl 32]} O-O 10. Qb3 {The position is equal.} Qb6 11. Nc4 Qxb3 12. axb3 Na6 {[#]} ({Black should try} 12... Nd5 $14) 13. Na5 $1 $16 Rfb8 $146 ({Predecessor:} 13... Nb4 14. Nxb7 Nc2 15. Ra4 Rfb8 {1-0 (53) Fridman,D (2592)-Kotov,M (2312) chessassistantclub.com INT 2004}) 14. Bf4 Rd8 $2 {[%mdl 8192]} (14... Nb4 $16 {is tougher.} 15. Bxb8 Rxb8) 15. Nxb7 $18 {White is clearly winning.} Nb4 16. Nxd8 Bxd8 17. Ne5 Nc2 18. Ra4 Bb6 19. Nxc6 Be4 20. Bxe4 Nxe4 21. Rc1 {Accuracy: White = 68%, Black =  8%.} 1-0

[Event "29th Paul Keres Memorial 2020"]
[Site "Tallinn"]
[Date "2020.01.11"]
[Round "7.6"]
[White "Gareyev, Timur"]
[Black "Chukavin, Kirill"]
[Result "1-0"]
[WhiteElo "2607"]
[BlackElo "2359"]
[Annotator "ChessBase"]
[PlyCount "45"]
[EventDate "2020.01.11"]
[EventType "swiss"]
[EventCountry "EST"]
[SourceTitle "playchess.com"]
[Source "ChessBase"]
[SourceQuality "1"]
[TimeControl "900+5"]

1. d4 {[%emt 0:00:00]} Nf6 {[%emt 0:00:00]} 2. c4 {[%emt 0:00:00]} e6 {[%emt 0:00:05]} 3. Nc3 {[%emt 0:00:00]} Bb4 {[%emt 0:00:02]} 4. Qc2 {[%emt 0:00:00]} d6 {[%emt 0:00:10]} 5. Nf3 {[%emt 0:00:02]} Nbd7 {[%emt 0:00:08]} 6. a3 {[%emt 0:00:25]} Bxc3+ {[%emt 0:00:03]} 7. Qxc3 {[%emt 0:00:03]} b6 {[%emt 0:00:28]} 8. g3 {[%emt 0:00:01]} Bb7 {[%emt 0:00:05]} 9. Bg2 {[%emt 0:00:01]} Qe7 {[%emt 0:00:13]} 10. O-O {[%emt 0:00:04]} a5 {[%emt 0:00:34]} 11. b3 {[%emt 0:00:23]} O-O {[%emt 0:00:16]} 12. Rd1 {[%emt 0:01:07]} Ne4 {[%emt 0:01:14]} 13. Qc2 {[%emt 0:00:13]} Nef6 {[%emt 0:02:53]} 14. d5 {[%emt 0:00:44]} exd5 {[%emt 0:01:31]} 15. Nd4 {[%emt 0:00:01]} Nc5 {[%emt 0:01:11]} 16. Nf5 {[%emt 0:01:09]} Qd8 {[%emt 0:00:47]} 17. cxd5 {[%emt 0:00:05]} Re8 {[%emt 0:01:29]} 18. Bb2 {[%emt 0:00:48]} Bc8 {[%emt 0:00:46]} 19. Nd4 {[%emt 0:00:04]} Bb7 {[%emt 0:00:07]} 20. b4 {[%emt 0:00:17]} axb4 {[%emt 0:01:10]} 21. axb4 {[%emt 0:00:01]} Nce4 {[%emt 0:00:58]} 22. Nf5 {[%emt 0:00:33]} Rxa1 {[%emt 0:00:34]} 23. Bxa1 {[%emt 0:00:21]} 1-0

[Event "29th Paul Keres Memorial 2020"]
[Site "Tallinn"]
[Date "2020.01.12"]
[Round "8.1"]
[White "Kuzubov, Yuriy"]
[Black "Meshkovs, Nikita"]
[Result "1-0"]
[WhiteElo "2644"]
[BlackElo "2565"]
[Annotator "TA"]
[PlyCount "127"]
[EventDate "2020.01.11"]
[EventType "swiss"]
[EventCountry "EST"]
[SourceTitle "playchess.com"]
[Source "ChessBase"]
[SourceQuality "1"]

{[%evp 17,127,0,0,6,4,1,7,10,19,24,27,22,19,27,70,57,57,68,100,122,159,170,188,199,214,210,191,187,240,207,211,220,255,212,249,194,199,206,206,160,159,161,134,133,135,139,127,89,90,0,86,0,0,-23,-22,-33,0,0,16,1,41,61,70,63,378,363,383,304,382,386,502,493,545,534,618,606,514,504,503,159,814,814,808,806,844,835,870,863,863,831,1018,989,1931,1439,1246,1214,1786,1710,1508,1418,2073,1925,29977,29978,29978,29979,29979,29980,29984,29985,29987,29988]} 1. d4 Nf6 2. c4 e6 3. Nf3 b6 4. g3 Bb7 5. Bg2 Bb4+ 6. Bd2 a5 7. O-O O-O 8. Nc3 d6 9. Qc2 Nbd7 10. Rfe1 {E16: Queen's Indian: 4 g3 Bb7 5 Bg2 Bb4+} Bxc3 11. Bxc3 Be4 12. Qc1 {The position is equal.} Qb8 13. Bf1 b5 14. cxb5 Qxb5 15. Nd2 {[#]} Rac8 $146 ({Predecessor:} 15... a4 16. f3 Bb7 17. e4 Qh5 {0-1 (60) Ionov,S (2535)-Yemelin,V (2568) St Petersburg 2014}) 16. f3 Ba8 17. e4 $36 {[%mdl 2048] White has some pressure.} Qb6 18. Nc4 Qa7 19. Nxa5 e5 20. Qe3 exd4 21. Qxd4 Qb8 22. Qf2 Rfe8 (22... Rce8 {was called for.} 23. a4 Ne5) 23. Rad1 Ne5 24. Nc4 Nfd7 25. Ne3 Qb6 26. Bg2 Nc5 27. Bxe5 dxe5 28. Nd5 Bxd5 29. Rxd5 Ne6 30. Qxb6 cxb6 31. Rxe5 Rc2 32. Rb5 {Hoping for Rd1.} Rd8 {[#]} 33. Rxb6 (33. Rd5 $1 $16) 33... h5 {[#]} (33... g5 $11) 34. Bf1 (34. f4 $1 $16) 34... Rdd2 $11 35. e5 Nd4 36. Re3 Rc1 {[%mdl 1024] ...Rdd1 is the strong threat. Black has compensation.} 37. Rd6 Rdd1 38. Rd8+ Kh7 39. Kg2 {Black must now prevent Bd3+.} Rd2+ 40. Re2 $1 {[%cal Re2d2][%mdl 64] Pin} Rdd1 $2 {[%mdl 8192]} (40... Rxe2+ $14 41. Bxe2 Nxe2) 41. Rf2 $18 g5 42. h3 Kg6 43. a4 {[%cal Ba2a4,Ba4a5,Ba5a6][%mdl 32]} h4 44. gxh4 gxh4 45. a5 Nf5 46. Rxd1 Ne3+ 47. Kh2 Rxd1 {[%mdl 4096] Endgame KRB-KRN} 48. Bb5 $2 (48. Be2 $18 {is more deadly.} Rd4 49. a6) 48... Ra1 $2 (48... Rd5 $16) 49. a6 Kf5 50. f4 Ke4 51. b4 {[%cal Bb2b4,Bb4b5][%mdl 32]} Kd4 52. Be2 Ra2 53. b5 Nd5 54. Kg1 Kc5 55. Bf1 Ra1 56. Rc2+ Kb6 57. Rc6+ Ka7 58. Kf2 Ra2+ 59. Kf3 Ra3+ 60. Ke4 {White mates.} Nc3+ 61. Kf5 Nd5 {[#]} 62. b6+ $1 Kb8 (62... Nxb6 63. Rc7+) 63. Rd6 {[%cal Rd6d8]} Ne7+ {[#]} 64. Kf6 $1 {[%mdl 64] Double Attack. Accuracy: White = 65%, Black = 26%.} 1-0

[Event "29th Paul Keres Memorial 2020"]
[Site "Tallinn"]
[Date "2020.01.12"]
[Round "8.2"]
[White "Kovalenko, Igor"]
[Black "Kulaots, Kaido"]
[Result "1-0"]
[WhiteElo "2640"]
[BlackElo "2510"]
[Annotator "TA"]
[PlyCount "79"]
[EventDate "2020.01.11"]
[EventType "swiss"]
[EventCountry "EST"]
[SourceTitle "playchess.com"]
[Source "ChessBase"]
[SourceQuality "1"]

{[%evp 11,79,0,0,-18,0,0,0,-7,0,-12,-3,0,-1,-28,-26,-80,-34,-44,-28,-78,-38,-89,16,0,0,0,22,16,57,50,184,169,187,174,175,174,150,164,194,203,199,210,341,309,454,451,454,454,452,455,450,436,437,450,478,439,458,329,511,526,531,510,650,554,537,550,543,535,700,677]} 1. d4 Nf6 2. Nf3 g6 3. Bf4 Bg7 4. e3 d6 5. h3 O-O 6. Nbd2 Nbd7 7. Bh2 {A48: 1 d4 Nf6 2 Nf3 g6: Torre, London and Colle Systems} (7. c3 Re8 8. Bh2 e5 9. dxe5 Nxe5 10. Nxe5 dxe5 11. Nc4 Nd7 12. Be2 Qe7 13. O-O Nb6 14. Qc2 Be6 15. Nxb6 axb6 {1-0 (43) Karjakin,S (2752)-Nepomniachtchi,I (2773) Abidjan 2019}) 7... Qe8 8. c3 e5 9. a4 $146 {The position is equal.} ({Predecessor:} 9. Nc4 e4 10. Nfd2 Qe7 11. a4 Nd5 12. Qb3 N5b6 13. a5 Nxc4 14. Bxc4 a6 15. O-O Kh8 {½-½ (69) Kamsky,G (2666)-Mikhalevski,V (2579) St Petersburg 2018}) 9... a5 10. Qb3 e4 11. Ng1 Nb6 12. Bb5 Qe7 13. Qa3 (13. Ne2 $11) 13... Nfd5 14. Ne2 f5 15. O-O Be6 (15... Bh6 $5 {[%cal Rd5e3]} 16. c4 Nb4 $15) 16. b3 (16. Nf4 $15) 16... c5 (16... Bf7 $17) 17. Rac1 Nc7 18. Bc4 Nxc4 19. Nxc4 Ra6 20. Rfd1 b5 {[#]} (20... Ne8 $14) 21. dxc5 $1 $18 dxc5 22. Bd6 Rxd6 23. Nxd6 b4 24. cxb4 cxb4 25. Qa2 Nd5 26. Nb5 Be5 (26... Kh8 $142 27. Nbd4 Bg8) 27. Nbd4 f4 (27... Bf6 $142 28. Nxe6 Qxe6) 28. Nxe6 Qxe6 29. Qd2 Nc3 30. Nxc3 bxc3 {[#]} 31. Qd5 $1 Qxd5 32. Rxd5 {[%mdl 4096] Endgame KRR-KRB} Bg7 33. exf4 Rxf4 34. Rc2 Rf8 (34... Rf5 {was necessary.} 35. Rd8+ Kf7 36. Rd7+ Kg8) 35. Rxa5 {White is clearly winning.} Rd8 36. Kf1 Rd1+ 37. Ke2 Rb1 38. Rd5 Rxb3 39. Ra2 Bf8 40. Rb5 {Accuracy: White = 50%, Black = 32%.} 1-0